00894nam a2200265Ia 450000500170000000800410001702000150005808200170007310000230009024500820011325000190019530000420021465000290025665000380028565000370032365000320036065000090039270000360040170000360043726400320047333600270050533700330053233800280056504000350059320220317000621.0160601s1998 sp a g 000 0 spa d a844800303904a738.12bA71j1 aAránega, Mercé10aJuguemos con barro cMercé Aránega ; traducción Susana Rodríguez-Vida a1a. edición  a23 páginas bilustraciones c18 cm 142LEMBaTrabajos manuales 142LEMBaArtesanías en cerámica 142LEMB aCerámica xEnseñanza 142LEMBaTrabajos con arcilla 142LEMB1 aAránega, Mercéeilustrador 1 aRodríguez, Susanaetraductor  aBarcelona bTimun Masc1998 atextobtxt2rdacontent asin mediaciónbn2rdamedia avolumenbnc2rdacarrier aCO-BoRNBPbspaerdacCO-BoRNBP